LEADER 01049nam0 22002651i 450 001 UON00182798 005 20231205103139.604 010 $a88-15-01809-3 100 $a20030730d1988 |0itac50 ba 101 $aita 102 $aIT 105 $a|||| 1|||| 200 1 $aˆIl ‰fascismo e l'Oriente$earabi, ebrei e indiani nella politica di Mussolini$fRenzo De Felice 210 $aBologna$cIl Mulino$d1988 215 $a358 p.$d20 cm. 410 1$1001UON00171421$12001 $aCollana di Storia Contemporanea $1210 $aBologna$cIl Mulino 606 $aFASCISMO$xIdeologia$3UONC037839$2FI 606 $aItalia$xStoria. 1922-1945$3UONC035715$2FI 700 1$aDE_FELICE$bRenzo$3UONV043233$0123070 801 $aIT$bSOL$c20250808$gRICA 899 $aSIBA - SISTEMA BIBLIOTECARIO DI ATENEO$2UONSI 912 $aUON00182798 950 $aSIBA - SISTEMA BIBLIOTECARIO DI ATENEO$dSI EUR D B 0332 $eSI SC 19679 6 0332 $sSmarrito 996 $aFascismo e l'Oriente$9479816 997 $aUNIOR LEADER 03838nam 22007215 450 001 9910254154203321 005 20200706205721.0 010 $a3-319-55321-6 024 7 $a10.1007/978-3-319-55321-4 035 $a(CKB)3710000001175956 035 $a(DE-He213)978-3-319-55321-4 035 $a(MiAaPQ)EBC4840297 035 $a(PPN)200513583 035 $a(EXLCZ)993710000001175956 100 $a20170411d2017 u| 0 101 0 $aeng 135 $aurnn|008mamaa 181 $ctxt$2rdacontent 182 $cc$2rdamedia 183 $acr$2rdacarrier 200 10$aBlends and Graft Copolymers of Cellulosics $eToward the Design and Development of Advanced Films and Fibers /$fby Yoshiyuki Nishio, Yoshikuni Teramoto, Ryosuke Kusumi, Kazuki Sugimura, Yoshitaka Aranishi 205 $a1st ed. 2017. 210 1$aCham :$cSpringer International Publishing :$cImprint: Springer,$d2017. 215 $a1 online resource (XIII, 125 p. 71 illus.) 225 1 $aBiobased Polymers,$x2510-3407 311 $a3-319-55320-8 320 $aIncludes bibliographical references at the end of each chapters. 327 $aMethods for Characterization of Microscopic Structures of Cellulose-core Multicomponent Systems -- Cellulosic Polymer Blends 1: With Vinyl Polymers -- Cellulosic Polymer Blends 2: With Aliphatic Polyesters -- Cellulosic Graft Copolymers -- Cellulosic Fibers Produced by Melt Spinning. 330 $aThis book reveals how polymer blending and grafting now offer a growing range of new applications for advanced films and fibers. Further, it details how the processing and original physical properties of cellulosics can be improved, and demonstrates how new, cellulose-core polymeric materials offer a wide range of synergistic functionalities. Lastly, it summarizes basic characterization studies and successful fabrications of advanced films and fibers. The book is primarily intended for advanced undergraduates, academic and industrial researchers and professionals studying or using bio-based polymers. 410 0$aBiobased Polymers,$x2510-3407 606 $aBiomaterials 606 $aCarbohydrates 606 $aPolymers 606 $aMaterials science 606 $aNanotechnology 606 $aBiomaterials$3https://scigraph.springernature.com/ontologies/product-market-codes/Z13000 606 $aCarbohydrate Chemistry$3https://scigraph.springernature.com/ontologies/product-market-codes/C19030 606 $aPolymer Sciences$3https://scigraph.springernature.com/ontologies/product-market-codes/C22008 606 $aCharacterization and Evaluation of Materials$3https://scigraph.springernature.com/ontologies/product-market-codes/Z17000 606 $aNanotechnology and Microengineering$3https://scigraph.springernature.com/ontologies/product-market-codes/T18000 615 0$aBiomaterials. 615 0$aCarbohydrates. 615 0$aPolymers. 615 0$aMaterials science. 615 0$aNanotechnology. 615 14$aBiomaterials. 615 24$aCarbohydrate Chemistry. 615 24$aPolymer Sciences. 615 24$aCharacterization and Evaluation of Materials. 615 24$aNanotechnology and Microengineering. 676 $a541.394 700 $aNishio$b Yoshiyuki$4aut$4http://id.loc.gov/vocabulary/relators/aut$0909699 702 $aTeramoto$b Yoshikuni$4aut$4http://id.loc.gov/vocabulary/relators/aut 702 $aKusumi$b Ryosuke$4aut$4http://id.loc.gov/vocabulary/relators/aut 702 $aSugimura$b Kazuki$4aut$4http://id.loc.gov/vocabulary/relators/aut 702 $aAranishi$b Yoshitaka$4aut$4http://id.loc.gov/vocabulary/relators/aut 801 0$bMiAaPQ 801 1$bMiAaPQ 801 2$bMiAaPQ 906 $aBOOK 912 $a9910254154203321 996 $aBlends and Graft Copolymers of Cellulosics$92035760 997 $aUNINA